000 00702nam a22002297a 4500
999 _c3838
_d3838
003 AR-CdUCM
008 190307b ||||| |||| 00| 0 spa d
040 _aMUNICIPALIDAD PROVINCIAL DEL CUSCO
_cBIBLIOTECA MUNICIPAL DEL CUSCO
082 _a848.9 /
_bG8
100 _aGreen, Julien
_911003
245 _aSur :
_bPieza en tres actos /
260 _aBuenos Aires :
_bEmecé Editores,
_c1954.
300 _a166 páginas ;
_c20 cm.
440 _aTeatro del mundo
_912348
500 _aDonación de la familia de Luis Nieto
505 _aContenido: Obra teatral.
650 _aTeatro francés
_92444
650 _aObra de teatro
_912349
650 _aSur
_912350
942 _2ddc
_cLIBROS
945 _adavv